| 000 | 00921nam a2200217 a 4500 | ||
|---|---|---|---|
| 001 | BRCA_3944 | ||
| 005 | 20190320204503.0 | ||
| 008 | 120110s1930----mx-a######---#000-0#spa-# | ||
| 041 | _aspa | ||
| 044 | _amx | ||
| 050 | 4 |
_aF1230.C6 _b.T47 1930 |
|
| 245 | 1 | 0 |
_aTestamento de Hernán Cortés _bprimera edición facsímile tomada directamente de su original existente en el Archivo del Protocolo de la ciudad de Sevilla, donde fué descubierto el 13 de enero de 1927 por el P. Mariano Cuevas, S. J., miembro de la Real Academia Española de la Historia. |
| 260 |
_aMéxico _bEdición privada _c1930 |
||
| 300 |
_a1 v. (sin paginación) _c31 cm. |
||
| 500 | _aSe imprimió bajo la dirección de G. R. G. Conway y del maestro impresor D. Zelinsky | ||
| 500 | _aC97 | ||
| 600 | 1 | 4 |
_aCortés, Hernando _d1485-1547 _eTestamento _910264 |
| 700 | 1 |
_aCuevas y García, Mariano _d1879-1949 _97023 |
|
| 902 | _aGFM | ||
| 942 |
_2lcc _cB |
||
| 999 |
_c3671 _d3671 |
||